Colours Quiz Stats

 Plays Quiz not verified by Sporcle

Score 0/12 Timer 05:00
0 Plays Today
Group Colour % Correct
Primary ColoursRed
99%
Secondary ColoursGreen (Yellow and Blue)
98.3%
Primary ColoursYellow
98.1%
Primary ColoursBlue
98.1%
Secondary ColoursOrange (Red and Yellow)
96.4%
Secondary ColoursPurple (Blue and Red)
96.4%
Tertiary Colours Olive (Orange and Green)
11.2%
Tertiary Colours Russet (Purple and Green)
9.2%
Tertiary Colours Slate (Purple and Orange)
9.2%
Quaternary ColoursPlum (Slate and Russet)
8.3%
Quaternary ColoursBuff (Russet and Olive)
6.3%
Quaternary ColoursSage (Olive and Slate)
6.3%

You're not logged in!

Compare scores with friends on all Sporcle quizzes.
OR
Log In

Show Comments

Extras

Top Quizzes Today


Score Distribution

Your Account Isn't Verified!

In order to create a playlist on Sporcle, you need to verify the email address you used during registration. Go to your Sporcle Settings to finish the process.

Report this User

Report this user for behavior that violates our Community Guidelines.

Details: